1253 1918 1783 1529 1573 1972 1184 1684 1023 1145 1477 1862 1668 1377 1328 1683 1163 1874 1492 1877 1099 1132 1676 1393 1748 1676 1503 1760 1087 1134 1008 1997 1416 1117 1273 1973 1843 1656 1922 1218 1589 1895 1431 1262 1790 1933 1212 1970 1800 1537 1079 1444 1615 1441 1149 1206 1553 1830 1755 1502 1488 1342 1364 1329 1397 1235 1376 1399 1780 1528 1499 1667 1835 1034 1588 1133 1972 1777 1786 1498 1972 1659 1414 1338 1898 1123 1601 1448 1287 1024 1019 1951 1632 1325 1834 1600 1557 1152 1317 BCNSPRNW ULIB Ver.6.0+V

เปลี่ยนเป็นภาษาไทย

Change to English
 แสดงรายละเอียดบรรณานุกรม
  กลับหน้าหลัก

Brief Record : Get Marc (ISO 2709) : E-mail record : QR code < ปิดหน้าต่าง
LEADER : 00000nam 2200000uu 4500
001    13399124754
003     ULIB
008    160217s2558||||th 000 0 tha d
020    9786161127015
060  4 WY163^bจ533ก
100 0  จิราพร ศรีพิบูลย์บัติ
245 00 การพยาบาลผู้ป่วยโรคหอบหืด/^cจิราพร ศรีพิบูลย์บัติ
260    นครสวรรค์^bวิทยาลัยพยาบาลบรมราชชนนี สวรรค์ประชารักษ์ นครสวรรค์,^c2558
300    67 หน้า
650  7 โรคหอบหืด^xการพยาบาล
650  4 ระบบหายใจ
945    ^p0^l0^i000314
945    ^p0^l0^i008595
999    ^aเกษร โพธิ์สุวรรณ
รายการนี้ยังไม่มีแท็ก
คุณยังไม่ได้ล็อกอิน คุณสามารถมีกิจกรรมร่วมกับเว็บไซต์ได้ แต่ต้องล็อกอินก่อน ::
  ล็อกอิน

รายการสื่อสารสนเทศ

ลำดับที่ ประเภท เลขเรียก/บาร์โค้ด สถานที่ สถานะ
1. Book การพยาบาล
Book การพยาบาล
สถานะ=หนังสือเก่า
WY163 จ533ก ฉ.1 
  Barcode: 000314
ห้องสมุดวิทยาเขตสวรรค์ประชารักษ์
►ส่วนจัดเก็บหนังสือเก่า สปร
บนชั้น
  ขอยืม
2. Book การพยาบาล
Book การพยาบาล
สถานะ=หนังสือเก่า
WY163 จ533ก ฉ.2 
  Barcode: 008595
ห้องสมุดวิทยาเขตสวรรค์ประชารักษ์
►ส่วนจัดเก็บหนังสือเก่า สปร
บนชั้น
  ขอยืม

รายการใกล้เคียง
    ผู้แต่ง [จิราพร ศรีพิบูลย์บัติ]

    หัวเรื่อง [ระบบหายใจ]

BibComment


ยังไม่เคยถูกคอมเมนท์

คอมเมนท์ทรัพยากรรายการนี้
  คอมเมนท์: การพยาบาลผู้ป่วยโ..


 Copyright 2026. Bcnsprnw @Library